Tiếng Việt tinh nghĩa /

Tim hieu nguon goc va nghia,mot so thanh ngư-tuc ngưTim hieu nguon goc mot so cau ca dao đong daoTim hieu nguon goc va nghia mot so đong tư-tinh tư -so tưTim hieu nguon goc va nghia mot so danh tư va đai tư

সংরক্ষণ করুন:
গ্রন্থ-পঞ্জীর বিবরন
প্রধান লেখক: Trịnh Mạnh
অন্যান্য লেখক: bien tap: Nguyen Văn Mươi
বিন্যাস: গ্রন্থ
ভাষা:Vietnamese
প্রকাশিত: -H : VH_TT, 2009.
বিষয়গুলি:
ট্যাগগুলো: ট্যাগ যুক্ত করুন
কোনো ট্যাগ নেই, প্রথমজন হিসাবে ট্যাগ করুন!
Thư viện lưu trữ: Mạng thư viện Đại học Đà Nẵng
LEADER 01255cam a22003251a 4500
001 000033145
003 9281
005 20240828074536.0
008 151016s2009 vm 000 vie
040 |a LNN 
041 |a vie 
082 |a 495.922  |b TR-M 
100 |a Trịnh Mạnh 
245 0 |a Tiếng Việt tinh nghĩa /  |c Trịnh Mạnh. 
260 |a -H :  |b VH_TT,  |c 2009. 
300 |a 268tr ;  |c 19cm. 
520 |a Tim hieu nguon goc va nghia,mot so thanh ngư-tuc ngưTim hieu nguon goc mot so cau ca dao đong daoTim hieu nguon goc va nghia mot so đong tư-tinh tư -so tưTim hieu nguon goc va nghia mot so danh tư va đai tư 
650 |a Ngon ngư  |b Nhưng ngon ngư khac 
653 |a Tiếng Việt tinh nghĩ,Trịnh Mạnh.,2009 
700 |a bien tap:  |b Nguyen Văn Mươi 
OWN |a LNN 
902 |a Tham khao TV 
AVA |a UDN50  |b LNN  |d 495.922 TR-M  |e available  |t Error 5001 Not defined in file expand_doc_bib_avail.  |f 4  |g 0  |h N  |i 1 
999 |a From the UDN01 
AVA |a UDN50  |b LNN  |d 495.922 TR-M  |e available  |t Error 5001 Not defined in file expand_doc_bib_avail.  |f 4  |g 0  |h N  |i 1 
TYP |a Monograph 
TYP |a Printed language 
980 |a Mạng thư viện Đại học Đà Nẵng